000 00745nac a22002297a 4500
001 BR7304140
003 BR-BrBNA
005 20240105113520.0
008 230509b bl.|||m| |||| 00| 0 por d
040 _aBR-BrBNA
_bpor
_cBiblioteca Nacional de Agricultura
072 _aA50
090 _aA50 BR7304140
100 1 _aVerdade, F. da C.
110 1 _aInstituto Agronomico, Campinas, SP (Brasil)
245 1 _aAdministracao de projeto de pesquisa e desenvolvimento e o sistema de financas
260 3 _aCampinas, SP (Brasil):
_c1976.
300 _a12 p.
490 _aCircular - Instituto Agronomico (Brazil)
_vno. 58
_x
650 _aADMINISTRACAO DE PESQUISA
909 _a202312
_bLúcia Elande
_c55
_dLúcia Elande
942 _2AGRIS
_n0
_cMS
999 _c264171
_d264171